00341nam a2200145Ia 45000030006000000080041000060400015000471000022000622450040000842500006001242600028001303000006001585460014001640050017001780STCL150530s9999 xx 000 0 und d aSTCLcSTCL aGopalakrishnan, K aAnveshanabhudhiyude Kaaladippadukal a1 bLipi Publicationsc2005 a0 aMalayalam20220125171724.0